|
|
|
|
| LEADER |
03122nam a22005175i 4500 |
| 001 |
978-3-642-25203-7 |
| 003 |
DE-He213 |
| 005 |
20151125151527.0 |
| 007 |
cr nn 008mamaa |
| 008 |
120111s2012 gw | s |||| 0|eng d |
| 020 |
|
|
|a 9783642252037
|9 978-3-642-25203-7
|
| 024 |
7 |
|
|a 10.1007/978-3-642-25203-7
|2 doi
|
| 040 |
|
|
|d GrThAP
|
| 050 |
|
4 |
|a TA174
|
| 072 |
|
7 |
|a TBD
|2 bicssc
|
| 072 |
|
7 |
|a TEC016020
|2 bisacsh
|
| 072 |
|
7 |
|a TEC016000
|2 bisacsh
|
| 082 |
0 |
4 |
|a 620.0042
|2 23
|
| 245 |
1 |
0 |
|a Complex Systems Design & Management
|h [electronic resource] :
|b Proceedings of the Second International Conference on Complex Systems Design & Management CSDM 2011 /
|c edited by Omar Hammami, Daniel Krob, Jean-Luc Voirin.
|
| 264 |
|
1 |
|a Berlin, Heidelberg :
|b Springer Berlin Heidelberg,
|c 2012.
|
| 300 |
|
|
|a XXIV, 360 p.
|b online resource.
|
| 336 |
|
|
|a text
|b txt
|2 rdacontent
|
| 337 |
|
|
|a computer
|b c
|2 rdamedia
|
| 338 |
|
|
|a online resource
|b cr
|2 rdacarrier
|
| 347 |
|
|
|a text file
|b PDF
|2 rda
|
| 505 |
0 |
|
|a From the content: An Overview of Design Challenges and Methods in Aerospace Engineering -- Complexity and Safety -- Autonomous Systems Behaviour -- Fundamentals of Designing Complex Aerospace Software Systems -- Simulation and gaming for understanding the complexity of cooperation in industrial networks -- FIT for SOA? Introducing the F.I.T -- Metric to Optimize the Availability of Service Oriented Architectures.
|
| 520 |
|
|
|a This book contains all refereed papers that were accepted to the second edition of the « Complex Systems Design & Management » (CSDM 2011) international conference that took place in Paris (France) from December 7 to December 9, 2011. (Website: http://www.csdm2011.csdm.fr/). These proceedings cover the most recent trends in the emerging field of complex systems sciences & practices from an industrial and academic perspective, including the main industrial domains (transport, defense & security, electronics, energy & environment, e-services), scientific & technical topics (systems fundamentals, systems architecture& engineering, systems metrics & quality, systemic tools) and system types (transportation systems, embedded systems, software & information systems, systems of systems, artificial ecosystems). The CSDM 2011 conference is organized under the guidance of the CESAMES non-profit organization (http://www.cesames.net/).
|
| 650 |
|
0 |
|a Engineering.
|
| 650 |
|
0 |
|a Management.
|
| 650 |
|
0 |
|a Industrial management.
|
| 650 |
|
0 |
|a Complexity, Computational.
|
| 650 |
|
0 |
|a Engineering design.
|
| 650 |
1 |
4 |
|a Engineering.
|
| 650 |
2 |
4 |
|a Engineering Design.
|
| 650 |
2 |
4 |
|a Innovation/Technology Management.
|
| 650 |
2 |
4 |
|a Engineering, general.
|
| 650 |
2 |
4 |
|a Complexity.
|
| 700 |
1 |
|
|a Hammami, Omar.
|e editor.
|
| 700 |
1 |
|
|a Krob, Daniel.
|e editor.
|
| 700 |
1 |
|
|a Voirin, Jean-Luc.
|e editor.
|
| 710 |
2 |
|
|a SpringerLink (Online service)
|
| 773 |
0 |
|
|t Springer eBooks
|
| 776 |
0 |
8 |
|i Printed edition:
|z 9783642252020
|
| 856 |
4 |
0 |
|u http://dx.doi.org/10.1007/978-3-642-25203-7
|z Full Text via HEAL-Link
|
| 912 |
|
|
|a ZDB-2-ENG
|
| 950 |
|
|
|a Engineering (Springer-11647)
|